000 00381nam a2200133Ia 4500
008 151001s9999||||xx |||||||||||||| ||und||
100 _aपुरुषोत्तम रोहणकार
245 _aगावगाडा
250 _a1
260 _b"निखील प्रकाशन, कोल्हापूर"
260 _c2012
300 _a96
365 _b21
999 _c999805
_d999802